Otvorená komunikácia kontrolného orgánu ako mäkká moc štátu?
Teoretické východiská k skúmanej problematike. Verejná diplomacia. Mäkká a tvrdá moc. Nová verejná diplomacia. Public relations, imidž krajiny a mediatizácia. Spojitosť činnosti vybraného kontrolného orgánu s mäkkou mocou.
Gespeichert in:
| 1. Verfasser: | |
|---|---|
| Format: | Buchkapitel |
| Sprache: | Slowakisch |
| Schlagworte: | |
| Tags: |
Keine Tags, Fügen Sie das erste Tag hinzu!
|
MARC
| LEADER | 00000naa a2200000 4500 | ||
|---|---|---|---|
| 001 | 0258413 | ||
| 005 | 20240502074106.2 | ||
| 041 | 0 | |a slo | |
| 044 | |a SK | ||
| 245 | 1 | 0 | |a Otvorená komunikácia kontrolného orgánu ako mäkká moc štátu? |c Janka Zvončeková |
| 520 | |a Teoretické východiská k skúmanej problematike. Verejná diplomacia. Mäkká a tvrdá moc. Nová verejná diplomacia. Public relations, imidž krajiny a mediatizácia. Spojitosť činnosti vybraného kontrolného orgánu s mäkkou mocou. | ||
| 610 | 2 | 0 | |a diplomacia |
| 610 | 2 | 0 | |a komunikácia |
| 610 | 2 | 0 | |a štát |
| 100 | 1 | |a Zvončeková, Janka | |